[Event "Cesenatico op 7th"]
[Site "Cesenatico"]
[Date "2002.09.04"]
[Round "4"]
[White "Tommasini, Enzo"]
[Black "Tomescu, Vlad"]
[Result "0-1"]
[WhiteElo "2127"]
[BlackElo "2438"]
[PlyCount "73"]
[EventDate "2002.09.02"]
[EventType "swiss"]
[EventRounds "9"]
[EventCountry "ITA"]
[SourceTitle "CBM 090 Extra"]
[Source "ChessBase"]
[SourceDate "2002.11.07"]
[SourceVersion "1"]
[SourceVersionDate "2002.11.07"]
[SourceQuality "1"]

1. d4 Nf6 2. c4 g6 3. Nc3 d5 4. cxd5 Nxd5 5. e4 Nxc3 6. bxc3 Bg7 7. Bc4 0-0 8. Ne2 b6 9. Be3 Bb7 10. f3 Nc6 11. 0-0 Na5 12. Bd3 Rc8 13. Rb1 c5 14. Qa4 e6 15. Rfd1 cxd4 16. cxd4 Qe7 17. Rbc1 Rfd8 18. Rxc8 Rxc8 19. Rc1 Rxc1+ 20. Bxc1 Nc6 21. Bd2 Qd8 22. Be3 Qd6 23. a3 Bf8 24. Bc1 a6 25. Bb2 b5 26. Qd1 Bg7 27. Bb1 Nxd4 28. Nxd4 e5 29. a4 exd4 30. Qb3 Bc6 31. Ba2 Qd7 32. Qd3 bxa4 33. e5 Bxe5 34. Qxa6 d3 35. Bxe5 d2 36. h4 d1Q+ 37. Kh2 0-1